000 00238nam a22000857a 4500
008 240104b ||||| |||| 00| 0 eng d
100 _aDatz, Stephen R.
245 _aTop Dollar Paid
260 _aLoveland, CO
_bGeneral Philatelic Corporation
_c1990
999 _c3582
_d3582